00491 2200193 4500001002100000005001500021008004100036020002100077035001900098041000700117082000800124090001400132100002200146245004100168260003300209300002600242500000600268650002300274INLIS00000000000623220241224113243241224||||||||| | ||| |||| || |  a978-979-450-6196 0010-1224006232 aid0 a813 a813 FUR m0 aF. FURQONUL AZIEZ00aMenganalisis Fiksi: Sebuah Pengantar aBogorbGalia Indonesiac2015 aviii ,104 hlm.; 21 cm a2 0aMenganalisis Fiksi